000 00451nam a2200181Ia 4500
001 12974
005 20260306163020.0
008 260306t2008||||xx |||||||||||||| ||spa||
041 _aESP
082 _aRD 498.513
_bL67
100 _aLira, Jorge A., 1912-1984
_eAUT
245 0 _aDiccionario quechua-castellano castellano-quechua
260 _c2008
300 _a411 páginas :
_c
650 _aGEN
654 _aCHU
942 _cDIC
_dJUS
_fJUS
_2ddc
_n
999 _c12974
_d12974